00639nam a2200217Ia 450000500170000000800410001702000150005808200190007310000170009224500690010926000470017830000170022565000120024265000140025465000150026865000080028365000140029194200060030595200950031199900150040620250317045813.0240331s9999 xx 000 0 und d a0030553474 a301bPER24085 aPerdue, W. D 0aSystemic Crisis:bProblems in Society, Politics, and World Order aFlorida,bHarcourt Brace Jovanovich c1993 axix, 588 p., aEconomy aSociology aInequality aSex aEthnicity cL 001040708LaWERCLbWERCLcSSCd2024-03-31l0o 301 PERp4085r2024-03-31w2024-03-31yL c1027d1027